10 największych państw Europy - Statystyki

Ogólne statystyki
  • Ten quiz został rozwiązany 55 razy
  • Średni wynik to 10 z 10
Statystyki odpowiedzi
Miejsce Państwo % Poprawnych
1 Rosja
100%
3 Francja
98%
4 Hiszpania
98%
6 Niemcy
98%
5 Szwecja
98%
2 Ukraina
98%
9 Polska
96%
10 Włochy
96%
7 Finlandia
94%
8 Norwegia
94%
Nie znaleziono quizów pasujących do podanych kryteriów
Rozkład punktacji
Procent ludzi z każdym wynikiem
Percentyl według liczby udzielonych odpowiedzi
Twoja historia wyników
Nie rozwiązałeś tego quizu